000 00697nab a22002297a 4500
001 22016
003 HDC
007 cr bn ---aaaaa
008 210128c20180810my ||||| |||| 00| 0 may d
040 _aHDC
245 0 _aSos tiram rendah gula, garam
336 _atext
_2rdacontent
337 _acomputer
_2rdamedia
338 _aonline resource
_2rdacarrier
650 _aHalal industry
_9144
650 _aHealthy food
_92393
710 _aUtusan Malaysia
856 _zRequest full-text at [email protected]
942 _2lcc
942 _cNEWS
942 _kNWSC 006431
999 _c19332
_d19332